000 00529nam a2200181Ia 4500
005 20250326125034.0
008 250326s9999 xx 000 0 und d
037 _aTextbook
040 _aFMSL
_beng
_cFMSL
041 _aeng
_2eng
084 _aX:8M L1
_qFMSL
100 _aLittlefield C L
245 0 _aOffice and administrative management
_cLittlefield C L; Rachel F M And Others
260 _aNew Delhi
_bNew Delhi, Prentice-Hall
_c1971
300 _a532p
942 _cTB
_hX:8M L1
999 _c1276270
_d1276270